Sixth Route Pokémon - Statistics

General Stats
  • This quiz has been taken 26 times
    20 since last reset
  • The average score is 121 of 168
Answer Stats
Route Game Type Pokémon % Correct
6 Y Psychic Abra
100%
34 GSC Psychic Abra
100%
6 B Grass/Poison Bellsprout
100%
6 LGP Fire Growlithe
100%
6 FRLG Water/Flying Gyarados
100%
6 HGSS Normal/Flying Hoothoot
100%
34 C Normal/Flying Hoothoot
100%
34 C Normal/Flying Hoothoot
100%
34 (Egg) C Normal/Fairy Igglybuff
100%
6 SM Normal/Fairy Igglybuff
100%
6 Y Normal/Fairy Jigglypuff
100%
34 C Normal/Fairy Jigglypuff
100%
6 SM Normal/Fairy Jigglypuff
100%
6 RBY Water Magikarp
100%
34 GSC Water Magikarp
100%
106 RSE Water Magikarp
100%
6 SwSh Water Magikarp
100%
6 GSC Electric/Steel Magnemite
100%
6 B Normal Meowth
100%
6 R Grass/Poison Oddish
100%
6 XY Grass/Poison Oddish
100%
6 LGPE Normal/Flying Pidgeot
100%
6 Y Normal/Flying Pidgeotto
100%
6 RBY Normal/Flying Pidgey
100%
34 C Normal/Flying Pidgey
100%
6 C Normal Raticate
100%
6 Y Normal Rattata
100%
34 GSC Normal Rattata
100%
6 SM Normal/Dark* Rattata
100%
6 C Fairy Snubbull
100%
34 C Fairy Snubbull
100%
34 GSC Water/Poison Tentacool
100%
106 RSE Water/Poison Tentacool
100%
34 GSC Water/Poison Tentacruel
100%
6 LGE Fire Vulpix
100%
6 LGPE Ice/Flying Articuno
89%
6 BW2 Water/Fairy Azumarill
89%
206 DP Steel/Psychic Bronzor
89%
34 (Egg) C Fairy Cleffa
89%
34 GSC Water/Rock Corsola
89%
6 BW Normal/Grass Deerling
89%
6 LGPE Dragon/Flying Dragonite
89%
34 (Egg) C Electric Elekid
89%
206 DPP Rock/Ground Geodude
89%
6 Y Water Golduck
89%
6 C Fairy Granbull
89%
34 GSC Water Kingler
89%
6 RB Water Krabby
89%
34 GSC Water Krabby
89%
106 OrAs Water Krabby
89%
206 DP Bug Kricketot
89%
206 DPP Bug Kricketune
89%
34 C Bug/Flying Ledyba
89%
34 (Egg) C Fire Magby
89%
6 R Fighting Mankey
89%
6 BW2 Water/Fairy Marill
89%
6 LGPE Fire/Flying Moltres
89%
106 RSE Water/Flying Pelipper
89%
34 (Egg) C Electric Pichu
89%
6 HGSS Bug Pineco
89%
34 GSC Bug Pineco
89%
6 Y Water Psyduck
89%
6 LG Water/Psychic Slowpoke
89%
34 (Egg) C Ice/Psychic Smoochum
89%
34 GSC Water Staryu
89%
206 D Poison/Dark Stunky
89%
6 BW Normal/Flying Tranquill
89%
34 (Egg) C Fighting Tyrogue
89%
6 BW Ice Vanillite
89%
106 RSE Water/Flying Wingull
89%
6 LGPE Electric/Flying Zapdos
89%
34 G Bug/Flying Butterfree
78%
6 LGPE Fire/Flying Charizard
78%
6 BW Electric/Flying Emolga``
78%
106 OrAs Water/Ghost Frillish
78%
206 Pt Ground/Flying Gligar
78%
6 RBY Water Goldeen
78%
6 SwSh Water Goldeen
78%
6 XY Steel/Ghost Honedge
78%
6 BW Bug/Grass Leavanny
78%
6 XY Bug/Ground Nincada
78%
6 RBY Water Poliwag
78%
6 BW Water Poliwag
78%
6 GSC Water Poliwhirl
78%
6 BW Water Poliwhirl
78%
206 DPP Fire Ponyta
78%
34 (Swarm) HGSS Psychic/Fairy Ralts
78%
6 (Island Scan) USUM Psychic/Fairy Ralts
78%
6 LGPE Water Seaking
78%
34 C Bug/Poison Spinarak
78%
6 BW Bug/Grass Swadloon
78%
206 DPP Poison/Flying Zubat
78%
6 BW Normal Audino
67%
6 XY Normal Audino
67%
6 BW Water Basculin
67%
34 S Bug/Poison Beedrill
67%
34 G Bug Caterpie
67%
106 As Water Clauncher
67%
6 C Psychic Drowzee
67%
34 GSC Psychic Drowzee
67%
34 GSC Grass/Psychic Exeggcute
67%
6 BW Grass/Poison Foongus
67%
34 S Bug/Poison Kakuna
67%
6 SM Normal Lillipup
67%
6 (Sound) HGSS Normal Linoone
67%
34 (Sound) HGSS Normal Linoone
67%
206 Pt Fighting Machop
67%
34 G Bug Metapod
67%
6 W Electric Minun
67%
6 B Electric Plusle
67%
6 RB Water Shellder
67%
106 Or Water/Poison Skrelp
67%
6 BW Normal/Flying Unfezant
67%
6 XY Bug/Poison Venipede
67%
34 S Bug/Poison Weedle
67%
6 (Fossil) SwSh Water/Ice Arctovish
56%
6 (Fossil) SwSh Electric/Ice Arctozolt
56%
206 (Radar) DPP Ground/Psychic Baltoy
56%
6 (Sound) HGSS Normal Bidoof
56%
34 (Sound) HGSS Normal Bidoof
56%
6 (Fossil) SwSh Water/Dragon Dracovish
56%
6 (Fossil) SwSh Electric/Dragon Dracozolt
56%
6 SwSh Water/Rock Drednaw
56%
6 SwSh Ground/Ghost Galarian Yamask
56%
6 SwSh Electric/Normal Helioptile
56%
6 BW Bug Karrablast
56%
6 SwSh Ground Silicobra
56%
6 (Sound) HGSS Normal Whismur
56%
34 (Sound) HGSS Normal Whismur
56%
6 SM Normal Yungoos
56%
6 SwSh Dragon Axew
44%
6 LGPE Normal Chansey
44%
6 HGSS Bug/Flying Combee
44%
6 SwSh Ground Dugtrio
44%
6 SwSh Bug/Steel Durant
44%
6 SwSh Ghost Duskull
44%
6 SM Normal Eevee
44%
6 SM Psychic Espeon
44%
6 XY Psychic Espurr
44%
6 SwSh Fighting/Flying Hawlucha
44%
6 SwSh Fire Heatmor
44%
6 SwSh Ground Hippopotas
44%
6 SwSh Grass Maractus
44%
6 SM Ground Mudbray
44%
6 SM Psychic/Flying Oricorio
44%
6 SM Normal/Flying Pikipek
44%
6 BW2 Bug Shelmet
44%
6 SwSh Poison/Bug Skorupi
44%
6 SM Dark Umbreon
44%
106 RSE Water Wailmer
44%
6 (Grotto) BW2 Psychic/Flying Woobat
44%
6 (Sound) HGSS Water Buizel
33%
34 (Sound) HGSS Water Buizel
33%
6 SwSh Normal Greedent
33%
6 SM Bug Grubbin
33%
206 (Swarm) Pt Rock/Ground Larvitar
33%
206 (Swarm) DP Rock Nosepass
33%
6 (Grotto) BW2 Rock Nosepass
33%
6 XY Normal Sentret
33%
6 SwSh Fire Torkoal
33%
6 SwSh Ground Trapinch
33%
6 BW2 Normal Castform
22%
34 GSC Normal Ditto
22%
6 BW2 Normal Dunsparce
22%
6 (Island Scan) SM Psychic Gothita
22%
6 SM Normal Happiny
22%
6 XY Normal Kecleon
22%
6 BW Water Politoed
11%
No matching quizzes found
Score Distribution
Percent of People with Each Score
Percentile by Number Answered
Your Score History
You have not taken this quiz since the last reset